[Event "Cto Aragón Equipos DH Gr II"]
[Site "Aragon"]
[Date "2015.02.07"]
[Round "3.17"]
[White "Guzman Moneo, Alberto"]
[Black "Gavin Roche, Enrique"]
[Result "1/2-1/2"]
[WhiteElo "2216"]
[BlackElo "2264"]
[PlyCount "195"]
[EventDate "2015.01.24"]
[WhiteTeam "Helios"]
[BlackTeam "ONCE Aragon"]

1. e4 e5 2. Nf3 Nc6 3. Bc4 Bc5 4. d3 d6 5. c3 Nf6 6. b4 Bb6 7. a4 a5 8. b5 Ne7
9. Qb3 O-O 10. Ng5 Qe8 11. O-O h6 12. Nf3 Ng6 13. Be3 Bg4 14. Nbd2 Nh5 15. h3
Bc8 16. Rfe1 Nhf4 17. d4 Qe7 18. Bf1 Qf6 19. Qd1 Be6 20. d5 Bc8 21. Bxb6 cxb6
22. Nc4 Qd8 23. Ne3 Ne7 24. Nd2 Kh8 25. Kh2 g6 26. g3 Nh5 27. Be2 Nf6 28. Ng4
Nd7 29. Nxh6 Kg7 30. Ng4 Nc5 31. Ne3 Rh8 32. g4 g5 33. Nf5+ Kf8 34. Rg1 Ng6 35.
Rg3 Nf4 36. Bf1 f6 37. Qf3 Qc7 38. Ne3 Kf7 39. Ndc4 Bd7 40. Nf5 Bxf5 41. gxf5
Rh6 42. Ne3 Rah8 43. Ng4 Rh4 44. c4 R8h7 45. Ra3 Nd7 46. Qe3 Qc8 47. Kg1 Qh8
48. Nh2 Nc5 49. Nf3 R4h5 50. Nh2 Ke7 51. Ng4 Kd7 52. Kh2 Kc7 53. Kg1 Rh4 54.
Kh2 R7h5 55. Kg1 Kb8 56. Kh2 Rh7 57. Kg1 Ka7 58. Kh2 Nh5 59. Rg1 Nd7 60. Kh1
Nf4 61. Rg3 Qg7 62. Kh2 Qf7 63. Kg1 Qh5 64. Qf3 Rf7 65. Kh2 Nc5 66. Kg1 Kb8 67.
Kh2 Kc7 68. Kg1 Kd7 69. Kh2 Ke7 70. Kg1 Rh7 71. Qe3 Rh8 72. Qf3 Rh7 73. Qe3 Kf7
74. Qf3 Rh8 75. Qe3 Kg7 76. Qf3 Rh7 77. Qe3 Kf7 78. Qf3 Ke7 79. Qe3 Nd7 80. Qf3
Kd8 81. Qe3 Kc7 82. Qf3 Rh8 83. Qe3 Kb8 84. Qf3 Rf8 85. Qe3 Nc5 86. Qf3 Kc7 87.
Qe3 Kb8 88. Qf3 Ka7 89. Qe3 Rh8 90. Qf3 Nd7 91. Rc3 Qe8 92. Qe3 R8h7 93. Ra3
Qh8 94. Rc3 Nc5 95. Ra3 Nd7 96. Rc3 Qe8 97. Ra3 Qh5 98. Qf3 1/2-1/2

[Event "Cto Aragón Equipos DH Gr II"]
[Site "Aragon"]
[Date "2015.02.07"]
[Round "3.18"]
[White "Laliena Solanes, Luis"]
[Black "Cerrajeria Ruiz, Jesus Maria"]
[Result "1/2-1/2"]
[WhiteElo "2150"]
[BlackElo "2163"]
[PlyCount "225"]
[EventDate "2015.01.24"]
[WhiteTeam "ONCE Aragon"]
[BlackTeam "Helios"]

1. d4 Nf6 2. c4 c5 3. d5 b5 4. Qc2 d6 5. e4 g6 6. cxb5 Bg7 7. Nc3 a6 8. Nf3 O-O
9. a4 axb5 10. Bxb5 Na6 11. O-O Nb4 12. Qe2 Bg4 13. Rb1 Nd7 14. h3 Bxf3 15.
Qxf3 Nc2 16. Qd3 Nd4 17. f4 Nxb5 18. axb5 Qc7 19. Bd2 Rfc8 20. Rfc1 c4 21. Qe2
Qc5+ 22. Be3 Qb4 23. Qf2 Nc5 24. Bxc5 Rxc5 25. Qc2 Bd4+ 26. Kh1 Be3 27. Ra1 Rb8
28. Rf1 Bd4 29. Ra4 Bxc3 30. bxc3 Qb3 31. Qxb3 cxb3 32. c4 b2 33. Rb4 Ra8 34.
b6 Ra1 35. b7 Rxf1+ 36. Kh2 Rxc4 37. b8=Q+ Kg7 38. Rxb2 Rxe4 39. Rb4 Rfxf4 40.
Rxe4 Rxe4 41. Qb2+ f6 42. g4 g5 43. Qd2 Re5 44. h4 gxh4 45. Kh3 h5 46. Kxh4
hxg4 47. Kxg4 Rg5+ 48. Kf4 Re5 49. Qd3 Kh6 50. Qf3 Kg6 51. Kg4 Rg5+ 52. Kh4 Re5
53. Qd3+ Kh6 54. Kg4 Kg7 55. Qb5 Kf7 56. Kf4 Kf8 57. Qc6 Kf7 58. Qa8 Kg7 59.
Qe8 Re1 60. Kf5 Re5+ 61. Kg4 Re4+ 62. Kf3 Re5 63. Kf2 Re4 64. Qh5 Re5 65. Qh1
Kf7 66. Qh7+ Ke8 67. Qg8+ Kd7 68. Qa8 Kc7 69. Qc6+ Kd8 70. Kf1 Re4 71. Kf2 Re5
72. Kf3 Re1 73. Qa8+ Kd7 74. Qb8 Re5 75. Kf4 Re1 76. Qa8 Re5 77. Qc6+ Kd8 78.
Qa4 Kc7 79. Kf3 Kd8 80. Qa8+ Kc7 81. Qa7+ Kd8 82. Qb8+ Kd7 83. Kf4 Re1 84. Qb5+
Kc8 85. Qa6+ Kd7 86. Qa4+ Kc8 87. Qe8+ Kc7 88. Kf5 Re5+ 89. Kg6 Kb6 90. Kf7 Kc5
91. Qc6+ Kd4 92. Qb5 Kc3 93. Qa4 Kd3 94. Qb4 Ke3 95. Qg4 Kd3 96. Qe6 f5 97.
Kxe7 f4 98. Kxd6 Rxe6+ 99. dxe6 f3 100. e7 f2 101. e8=Q Kd2 102. Qb5 Ke1 103.
Qb1+ Ke2 104. Qe4+ Kd2 105. Qf3 Ke1 106. Qe3+ Kf1 107. Ke5 Kg2 108. Qg5+ Kh2
109. Qf4+ Kg2 110. Qg4+ Kh2 111. Qf3 Kg1 112. Qg3+ Kh1 113. Qxf2 1/2-1/2

[Event "Cto Aragón Equipos DH Gr II"]
[Site "Aragon"]
[Date "2015.02.07"]
[Round "3.19"]
[White "Aparicio Navarro, Pedro"]
[Black "Cobo Garrido, Diego Israel"]
[Result "1/2-1/2"]
[WhiteElo "2154"]
[BlackElo "2040"]
[PlyCount "119"]
[EventDate "2015.01.24"]
[WhiteTeam "Helios"]
[BlackTeam "ONCE Aragon"]

1. Nf3 d5 2. g3 Nf6 3. Bg2 Nc6 4. O-O e5 5. d3 Be7 6. Nbd2 O-O 7. e4 Be6 8. c3
a5 9. exd5 Bxd5 10. Re1 Nd7 11. Nf1 f5 12. d4 e4 13. N3d2 Kh8 14. f3 exf3 15.
Nxf3 Bd6 16. Ng5 f4 17. Ne6 Bxe6 18. Rxe6 Rf6 19. Rxf6 Qxf6 20. Bxf4 Bxf4 21.
gxf4 Qxf4 22. Qf3 Qd6 23. Re1 Rf8 24. Qg3 Qf6 25. Ne3 Qd8 26. Nd5 Nf6 27. Nf4
Nxd4 28. cxd4 Qxd4+ 29. Kh1 Qxb2 30. Ne6 Rg8 31. Qxc7 Qxa2 32. Qxb7 Qd2 33. Rf1
Ng4 34. Qf3 Ne3 35. Rg1 Nxg2 36. Qxg2 Qxg2+ 37. Kxg2 Re8 38. Rd1 Kg8 39. Rd6 a4
40. Ra6 a3 41. Kf3 h6 42. Nd4 Rf8+ 43. Ke3 Re8+ 44. Kd3 Rf8 45. Ke2 Re8+ 46.
Kf2 Rd8 47. Ra4 a2 48. Ke3 Rd5 49. Rxa2 Rh5 50. Nf3 Kh7 51. Ra6 Rb5 52. Kf4
Rb4+ 53. Kg3 Rc4 54. Rd6 Ra4 55. Rd4 Ra5 56. Rg4 Ra3 57. h4 Rb3 58. Rd4 Ra3 59.
Kg4 Ra2 60. Kf4 1/2-1/2

[Event "Cto Aragón Equipos DH Gr II"]
[Site "Aragon"]
[Date "2015.02.07"]
[Round "3.20"]
[White "Latorre Abad, Fernando"]
[Black "Navarro Alonso, Jorge"]
[Result "0-1"]
[WhiteElo "2054"]
[BlackElo "2145"]
[PlyCount "56"]
[EventDate "2015.01.24"]
[WhiteTeam "ONCE Aragon"]
[BlackTeam "Helios"]

1. e4 c5 2. Nf3 e6 3. c3 d5 4. e5 d4 5. Bd3 Nc6 6. O-O Nge7 7. Qe2 Ng6 8. g3
Be7 9. h4 f6 10. exf6 Bxf6 11. Be4 O-O 12. d3 e5 13. Ng5 Bxg5 14. Bxg5 Qd6 15.
Na3 Bf5 16. Nc4 Qe6 17. f3 h6 18. Bd2 Rf6 19. h5 Nge7 20. g4 Bxe4 21. dxe4 Rd8
22. Na3 a6 23. Qf2 Rdf8 24. Nc2 Rxf3 25. Qxf3 Rxf3 26. Rxf3 Qxg4+ 27. Kf2 Qh4+
28. Ke2 Qxe4+ 0-1

[Event "Cto Aragón Equipos DH Gr II"]
[Site "Aragon"]
[Date "2015.02.07"]
[Round "3.21"]
[White "Del Rey, Diego"]
[Black "Donoso Sanchez, Alejandro"]
[Result "1-0"]
[WhiteElo "2390"]
[BlackElo "2218"]
[PlyCount "69"]
[EventDate "2015.01.24"]
[WhiteTeam "El Olivar"]
[BlackTeam "CMU Cerbuna"]

1. e4 c5 2. Nf3 e6 3. d3 Nc6 4. g3 g6 5. Bg5 Be7 6. h4 h6 7. Bxe7 Qxe7 8. Bg2
Nf6 9. O-O O-O 10. Qd2 Kg7 11. Nc3 d6 12. Nh2 Nd4 13. Rae1 Bd7 14. f4 e5 15. f5
gxf5 16. Rf2 Kh7 17. exf5 Rg8 18. Nf1 Ng4 19. Nd5 Qd8 20. c3 Nxf2 21. Qxf2 Nc6
22. f6 Be6 23. Be4+ Kh8 24. Nfe3 Qd7 25. Kh2 Bxd5 26. Nxd5 Rg6 27. Bf5 Qd8 28.
Bxg6 fxg6 29. Rf1 Qd7 30. f7 Rf8 31. Qf6+ Kh7 32. h5 Qg4 33. Qxd6 Qxh5+ 34. Kg1
Qg5 35. Nf6+ 1-0

[Event "Cto Aragón Equipos DH Gr II"]
[Site "Aragon"]
[Date "2015.02.07"]
[Round "3.22"]
[White "Gella Bitrian, Diego"]
[Black "Chueca Forcen, Alberto"]
[Result "0-1"]
[WhiteElo "2033"]
[BlackElo "2305"]
[PlyCount "86"]
[EventDate "2015.01.24"]
[WhiteTeam "CMU Cerbuna"]
[BlackTeam "El Olivar"]

1. e4 c6 2. d4 d5 3. exd5 cxd5 4. c4 Nf6 5. Nc3 g6 6. cxd5 Nxd5 7. Qb3 Nb6 8.
Nf3 Bg7 9. Bb5+ Bd7 10. Bf4 O-O 11. Rd1 Nc6 12. O-O Bg4 13. Be2 Bxf3 14. Bxf3
Nxd4 15. Qb4 a5 16. Qc5 e5 17. Bxb7 exf4 18. Bxa8 Nxa8 19. Nd5 Ne6 20. Ne7+ Kh8
21. Rxd8 Nxc5 22. Rd5 Ne6 23. Rxa5 Bxb2 24. Rb1 Bd4 25. Nc6 Bb6 26. Ra6 Kg7 27.
Kf1 Rc8 28. Rbxb6 Nxb6 29. Rxb6 Ra8 30. Nb4 Nd4 31. f3 Ra4 32. Kf2 g5 33. Kf1
f6 34. Rb7+ Kg6 35. Rb6 h5 36. Nd5 Rxa2 37. Nxf6 Kf5 38. Nxh5 Nc2 39. g4+ Ke5
40. Rb5+ Kd4 41. Rxg5 Ke3 42. Kg2 Ne1+ 43. Kf1 Nxf3 0-1

[Event "Cto Aragón Equipos DH Gr II"]
[Site "Aragon"]
[Date "2015.02.07"]
[Round "3.23"]
[White "Palacios Latasa, Elias"]
[Black "Colom Sienes, Eduardo"]
[Result "0-1"]
[WhiteElo "2248"]
[BlackElo "2005"]
[PlyCount "74"]
[EventDate "2015.01.24"]
[WhiteTeam "El Olivar"]
[BlackTeam "CMU Cerbuna"]

1. e4 e6 2. d3 d5 3. Qe2 dxe4 4. dxe4 Nc6 5. Nf3 e5 6. c3 Bg4 7. Nbd2 Qd7 8. h3
Bh5 9. g4 Bg6 10. Nh4 O-O-O 11. Bg2 Be7 12. Nf5 Bxf5 13. exf5 g6 14. Qf3 e4 15.
Qxe4 Nf6 16. Qf3 gxf5 17. gxf5 Rhg8 18. O-O Rxg2+ 19. Kxg2 Ne5 20. Qe2 Rg8+ 21.
Kh2 Qxf5 22. Rg1 Neg4+ 23. hxg4 Nxg4+ 24. Rxg4 Rxg4 25. Qxg4 Qxg4 26. Nf1 Bd6+
27. Kh1 h5 28. Bh6 Qf3+ 29. Kg1 h4 30. Nh2 Bxh2+ 31. Kxh2 Qxf2+ 32. Kh1 Qf3+
33. Kh2 Qe2+ 34. Kh1 Qe4+ 35. Kh2 Qe5+ 36. Kg1 Qc5+ 37. Kf1 Qf5+ 0-1

[Event "Cto Aragón Equipos DH Gr II"]
[Site "Aragon"]
[Date "2015.02.07"]
[Round "3.24"]
[White "Biarge Carnicer, Arturo"]
[Black "Hernando Garcia, Antonio"]
[Result "0-1"]
[WhiteElo "1878"]
[BlackElo "2176"]
[PlyCount "126"]
[EventDate "2015.01.24"]
[WhiteTeam "CMU Cerbuna"]
[BlackTeam "El Olivar"]

1. e4 d5 2. exd5 Qxd5 3. Nc3 Qd8 4. d4 c6 5. Be3 Bf5 6. Bc4 e6 7. Qd2 Nf6 8.
Nge2 Nbd7 9. Ng3 Bg6 10. O-O Bd6 11. Bf4 Bxf4 12. Qxf4 Bxc2 13. Rac1 Bg6 14.
Nce4 Nxe4 15. Nxe4 Bxe4 16. Qxe4 O-O 17. Rc3 Nf6 18. Qf4 Nd5 19. Bxd5 Qxd5 20.
Rg3 Rfd8 21. Rd1 Kf8 22. Qg4 g6 23. Qf4 Kg7 24. Rh3 h5 25. Rf3 Rd7 26. Qf6+ Kg8
27. b3 Re8 28. Re3 Qf5 29. Qh4 Qg4 30. Qxg4 hxg4 31. Kf1 Red8 32. Re4 c5 33.
Rxg4 Rxd4 34. Rgxd4 Rxd4 35. Rc1 b6 36. Ke2 Kf8 37. Rc3 Ke7 38. Rf3 b5 39. h3
Rd7 40. Rc3 Kd6 41. Kd3 a5 42. Ke4 Ra7 43. Rd3+ Kc6 44. Rd2 a4 45. Ke5 b4 46.
Rd6+ Kb5 47. Rd8 axb3 48. axb3 Ra3 49. Rb8+ Kc6 50. Rc8+ Kb6 51. Kd6 Rxb3 52.
Rb8+ Ka7 53. Rb5 Rc3 54. Kc6 b3 55. Ra5+ Kb8 56. Rb5+ Kc8 57. h4 c4 58. h5 gxh5
59. Rxh5 Kd8 60. Rb5 Ke7 61. g4 Rc2 62. Kc5 b2 63. Kd4 c3 0-1

[Event "Cto Aragón Equipos DH Gr II"]
[Site "Aragon"]
[Date "2015.02.07"]
[Round "3.25"]
[White "Fernandez Rubio, Rafael"]
[Black "Hefty, Jorge W"]
[Result "0-1"]
[WhiteElo "2114"]
[BlackElo "2325"]
[PlyCount "144"]
[EventDate "2015.01.24"]
[WhiteTeam "Tauste"]
[BlackTeam "Ibercaja"]

1. e4 c5 2. Nf3 e6 3. d4 cxd4 4. Nxd4 a6 5. Be2 Nf6 6. Bf3 Qc7 7. O-O Nc6 8.
Nxc6 bxc6 9. c4 Be7 10. Qe2 e5 11. b3 d6 12. Nc3 Be6 13. Be3 O-O 14. Rfd1 Rfd8
15. Rac1 Qb7 16. Na4 c5 17. Nc3 h6 18. h4 Nh7 19. g3 Bd7 20. Nd5 Bc6 21. Nxe7+
Qxe7 22. Bg2 Nf8 23. Rd3 Ne6 24. Rf1 Re8 25. Qd2 Nd4 26. b4 Qb7 27. f3 Re6 28.
Kh2 Rf6 29. Bxd4 exd4 30. bxc5 dxc5 31. Qa5 Qe7 32. Re1 Re6 33. Bh3 Re5 34. Qb6
Be8 35. Rdd1 Ra7 36. Bf5 Qb7 37. Rb1 Qxb6 38. Rxb6 g6 39. Bc8 a5 40. f4 Ree7
41. h5 Rac7 42. Bg4 Rc6 43. Rb8 Kg7 44. e5 f6 45. Rxe8 Rxe8 46. Bd7 Rce6 47.
Bxe8 Rxe8 48. exf6+ Kf8 49. Rb1 gxh5 50. a4 d3 51. Rd1 Rd8 52. Kg2 Kf7 53. Kf3
Kxf6 54. Ke3 Kf5 55. Kd2 Ke4 56. Rh1 Rg8 57. Re1+ Kd4 58. Re3 Kxc4 59. Rxd3 h4
60. Rc3+ Kb4 61. g4 Rxg4 62. Rf3 c4 63. f5 Rg2+ 64. Kd1 Rg7 65. Rf4 Kb3 66.
Rxh4 c3 67. Rh3 Rg1+ 68. Ke2 Kb2 69. f6 c2 70. f7 c1=Q 71. f8=Q Re1+ 72. Kd3
Qc3# 0-1

[Event "Cto Aragón Equipos DH Gr II"]
[Site "Aragon"]
[Date "2015.02.07"]
[Round "3.26"]
[White "Aguirre Izaguirre, Pedro Jose"]
[Black "Sierra Aguerri, Joaquin"]
[Result "1-0"]
[WhiteElo "2182"]
[BlackElo "2053"]
[PlyCount "71"]
[EventDate "2015.01.24"]
[WhiteTeam "Ibercaja"]
[BlackTeam "Tauste"]

1. c4 e5 2. Nc3 Nc6 3. g3 Nf6 4. Bg2 Bb4 5. Nd5 O-O 6. Nxb4 Nxb4 7. d3 h6 8.
Nf3 d6 9. O-O c5 10. h3 Be6 11. a3 Nc6 12. Bd2 Qd7 13. Kh2 Rad8 14. Bc3 Qc7 15.
e4 Nh7 16. Nh4 Nd4 17. f4 exf4 18. gxf4 f5 19. exf5 Nxf5 20. Nxf5 Bxf5 21. Bd5+
Kh8 22. Qh5 Bxd3 23. Qxh6 Rde8 24. Rg1 Re2+ 25. Kh1 Rf7 26. Rae1 Qe7 27. Rxe2
Bxe2 28. Kh2 Rf6 29. Bxf6 Qxf6 30. Qxf6 Nxf6 31. Re1 Bd3 32. Bf7 b5 33. cxb5
Bxb5 34. Rd1 Ne4 35. Bg6 Ba4 36. Rd3 1-0

[Event "Cto Aragón Equipos DH Gr II"]
[Site "Aragon"]
[Date "2015.02.07"]
[Round "3.27"]
[White "Bogomilov Georgiev, Georgi Ii"]
[Black "Jimenez Fernandez, Alejandro"]
[Result "0-1"]
[WhiteElo "2015"]
[BlackElo "2007"]
[PlyCount "68"]
[EventDate "2015.01.24"]
[WhiteTeam "Tauste"]
[BlackTeam "Ibercaja"]

1. d4 f5 2. Nf3 Nf6 3. Bg5 d5 4. e3 e6 5. Nbd2 Bd6 6. Ne5 O-O 7. f4 c5 8. Ndf3
b6 9. Be2 Ba6 10. O-O Bxe2 11. Qxe2 Nbd7 12. Bh4 Qc7 13. Ng5 Rae8 14. Rf3 Ne4
15. Nxh7 Kxh7 16. Rh3 Kg8 17. Ng6 Ndf6 18. Bg5 Kf7 19. Nxf8 Rxf8 20. Rf1 cxd4
21. exd4 Qc4 22. Qxc4 dxc4 23. Rff3 Nxg5 24. fxg5 Ne4 25. Rh5 Kg6 26. Rfh3 Nxg5
27. R3h4 Nf7 28. g4 Be7 29. gxf5+ exf5 30. Rh3 Ng5 31. Rxg5+ Bxg5 32. Ra3 Rf7
33. Kf2 f4 34. d5 Rd7 0-1

[Event "Cto Aragón Equipos DH Gr II"]
[Site "Aragon"]
[Date "2015.02.07"]
[Round "3.28"]
[White "Castillo Sanjuan, Daniel"]
[Black "Sancho Casale, Jesus"]
[Result "1-0"]
[WhiteElo "1998"]
[BlackElo "1980"]
[PlyCount "87"]
[EventDate "2015.01.24"]
[WhiteTeam "Ibercaja"]
[BlackTeam "Tauste"]

1. e4 e5 2. Nf3 Nf6 3. Nxe5 d6 4. Nf3 Nxe4 5. Nc3 Nxc3 6. dxc3 Be7 7. Be3 O-O
8. Qd2 Nd7 9. O-O-O Ne5 10. Nd4 c6 11. f4 Ng4 12. Bg1 Qa5 13. Kb1 c5 14. Nb3
Qc7 15. h3 Nf6 16. g4 a5 17. c4 a4 18. Nc1 a3 19. b3 b5 20. Bg2 Bb7 21. cxb5
Bxg2 22. Qxg2 d5 23. Ne2 Rfd8 24. f5 Qe5 25. c3 Ne4 26. Bh2 Nxc3+ 27. Nxc3 Qxc3
28. Qc2 Qxc2+ 29. Kxc2 Ra5 30. Bc7 Rxb5 31. Bxd8 Bxd8 32. Rxd5 Bf6 33. Re1 h6
34. Re8+ Kh7 35. Rc8 Bd4 36. Rc7 Rb8 37. Rdd7 Re8 38. Re7 Rf8 39. Rxf7 Rb8 40.
f6 Kg6 41. fxg7 c4 42. Rf8 cxb3+ 43. axb3 Bxg7 44. Rxg7+ 1-0

[Event "Cto Aragón Equipos DH Gr II"]
[Site "Aragon"]
[Date "2015.02.07"]
[Round "3.29"]
[White "Adla, Diego"]
[Black "Garcia Vicente, Nieves"]
[Result "1-0"]
[WhiteElo "2469"]
[BlackElo "2171"]
[PlyCount "70"]
[EventDate "2015.01.24"]
[WhiteTeam "St. Casablanca"]
[BlackTeam "Caissa"]

1. c4 e6 2. Nf3 d5 3. d4 Nf6 4. g3 dxc4 5. Bg2 Nc6 6. O-O Rb8 7. Bg5 Be7 8. e3
Bd7 9. Qe2 b5 10. b3 cxb3 11. axb3 h6 12. Bxf6 Bxf6 13. Nc3 O-O 14. Rfd1 Qc8
15. Rac1 Rd8 16. h4 Nb4 17. g4 Bc6 18. e4 g6 19. g5 hxg5 20. hxg5 Bg7 21. Qe3
a5 22. Nh2 e5 23. dxe5 Rxd1+ 24. Rxd1 Qe6 25. f4 Qxb3 26. Rd2 Na6 27. Rd3 Qc4
28. Bf1 Qe6 29. Nd5 Bxd5 30. exd5 Qb6 31. Qxb6 Rxb6 32. d6 cxd6 33. exd6 Rb8
34. Rd5 Bf8 35. Ng4 Rd8 1-0

[Event "Cto Aragón Equipos DH Gr II"]
[Site "Aragon"]
[Date "2015.02.07"]
[Round "3.30"]
[White "Gil Capape, Marco Antonio"]
[Black "Glavina, Pablo"]
[Result "1-0"]
[WhiteElo "2073"]
[BlackElo "2418"]
[PlyCount "39"]
[EventDate "2015.01.24"]
[WhiteTeam "Caissa"]
[BlackTeam "St. Casablanca"]

1. e4 c5 2. Nc3 g6 3. f4 Bg7 4. Nf3 Nc6 5. Bb5 Nd4 6. O-O a6 7. Bc4 e6 8. e5 b5
9. Bd3 d5 10. Nxd4 cxd4 11. Ne2 f6 12. Qe1 fxe5 13. fxe5 Qg5 14. b3 Ne7 15. Bb2
Rf8 16. Rxf8+ Kxf8 17. Qf2+ Kg8 18. Rf1 Bd7 19. h4 Qxd2 20. Qf7+ 1-0

[Event "Cto Aragón Equipos DH Gr II"]
[Site "Aragon"]
[Date "2015.02.07"]
[Round "3.31"]
[White "Quintin Navarro, Alberto"]
[Black "Alonso Fdez-Revuelta, Rodrigo"]
[Result "1-0"]
[WhiteElo "2331"]
[BlackElo "2024"]
[PlyCount "43"]
[EventDate "2015.01.24"]
[WhiteTeam "St. Casablanca"]
[BlackTeam "Caissa"]

1. d4 d5 2. Nf3 Nf6 3. c4 c6 4. e3 e6 5. b3 Be7 6. Bd3 Nbd7 7. O-O O-O 8. Nbd2
dxc4 9. bxc4 c5 10. Bb2 Qc7 11. Qe2 cxd4 12. exd4 b6 13. Rfd1 Bb7 14. Rac1 Rfe8
15. Bb1 Qf4 16. Rc3 Bd6 17. Nf1 Ne4 18. Re3 Ng5 19. d5 e5 20. Bc1 Nxf3+ 21.
Rxf3 Qg4 22. Bf5 1-0

[Event "Cto Aragón Equipos DH Gr II"]
[Site "Aragon"]
[Date "2015.02.07"]
[Round "3.32"]
[White "Carraminana Lopez, Luis Antoni"]
[Black "Lopez Gracia, Fernando"]
[Result "0-1"]
[WhiteElo "1968"]
[BlackElo "2327"]
[PlyCount "46"]
[EventDate "2015.01.24"]
[WhiteTeam "Caissa"]
[BlackTeam "St. Casablanca"]

1. e4 c5 2. Nf3 Nc6 3. Bb5 d6 4. Bxc6+ bxc6 5. O-O Bg4 6. e5 dxe5 7. h3 Bh5 8.
g4 Bg6 9. Nxe5 e6 10. d3 Bd6 11. Qe2 Ne7 12. Nc3 Qc7 13. Re1 h5 14. Bf4 hxg4
15. hxg4 O-O-O 16. Qf3 f6 17. Nxg6 Nxg6 18. Bxd6 Qxd6 19. Ne4 Qd5 20. c4 Ne5
21. Qg3 Qd4 22. b4 Rh4 23. Qg2 Qxd3 0-1

[Event "Cto Aragón Equipos Pref Gr I"]
[Site "Aragon"]
[Date "2015.02.07"]
[Round "3.33"]
[White "Naya Sancho, Juan Manuel"]
[Black "Calleja Sanchez, Alfredo"]
[Result "0-1"]
[WhiteElo "1889"]
[BlackElo "1944"]
[PlyCount "84"]
[EventDate "2015.01.24"]
[WhiteTeam "Delicias B"]
[BlackTeam "Sabiñanigo"]

1. c4 Nf6 2. Nc3 g6 3. g3 Bg7 4. Bg2 O-O 5. e4 d6 6. Nge2 c6 7. O-O Nbd7 8. d4
h6 9. h3 Rb8 10. a4 c5 11. Be3 b6 12. Qd2 Kh7 13. Rad1 cxd4 14. Nxd4 Bb7 15. f4
Qc8 16. b3 Nc5 17. Qc2 Nh5 18. g4 Ng3 19. Rf2 h5 20. f5 Be5 21. Nd5 e6 22.
fxg6+ fxg6 23. Ne7 Qd7 24. Bg5 Ncxe4 25. Bxe4 Bxe4 26. Qd2 Ba8 27. gxh5 Ne4 28.
hxg6+ Kh8 29. Qe2 Nxg5 30. Qh5+ Kg7 31. Qxg5 Rxf2 32. Kxf2 Rf8+ 33. Kg1 Bxd4+
34. Rxd4 Qb7 35. Nd5 exd5 36. Rh4 Rh8 37. Rxh8 Kxh8 38. Qf6+ Kg8 39. Qd8+ Kg7
40. Qxd6 dxc4 41. Qe5+ Kxg6 42. Qe8+ Kh7 0-1

[Event "Cto Aragón Equipos Pref Gr I"]
[Site "Aragon"]
[Date "2015.02.07"]
[Round "3.34"]
[White "Climente Martinez, Jose Luis"]
[Black "Sarrio Bambo, Pablo"]
[Result "1/2-1/2"]
[WhiteElo "1891"]
[BlackElo "1839"]
[PlyCount "114"]
[EventDate "2015.01.24"]
[WhiteTeam "Sabiñanigo"]
[BlackTeam "Caissa B"]

1. d4 d5 2. c4 e5 3. dxe5 d4 4. a3 Nc6 5. Nf3 Bg4 6. Bf4 Bxf3 7. exf3 g5 8. Bg3
Qe7 9. Qa4 O-O-O 10. Nd2 f5 11. f4 gxf4 12. Bxf4 Bh6 13. g3 Nxe5 14. O-O-O Bxf4
15. gxf4 Nc6 16. Bg2 Qd6 17. Bxc6 bxc6 18. Qa6+ Kb8 19. Nb3 c5 20. Qb5+ Qb6 21.
Nxc5 Qxb5 22. cxb5 Ne7 23. Ne6 Rd6 24. Rhe1 Ng6 25. Nxd4 Nxf4 26. Nc6+ Kb7 27.
Rxd6 cxd6 28. Re7+ Kb6 29. Kd2 h5 30. Nxa7 Ra8 31. Nc6 Kxb5 32. Nd4+ Kc5 33.
Nxf5 Rf8 34. b4+ Kb6 35. Nh6 Rf6 36. Rf7 Rxh6 37. Rxf4 Rg6 38. Ke3 Rg2 39. h4
Rh2 40. Kd4 Kc6 41. a4 Rh1 42. Ke4 Ra1 43. b5+ Kc5 44. Kf5 d5 45. Kg6 d4 46.
Rf5+ Kc4 47. Kxh5 d3 48. Rf4+ Kc3 49. Rf3 Rxa4 50. Kg5 Kc2 51. Rxd3 Kxd3 52. f4
Ra5 53. f5 Rxb5 54. Kg6 Ke4 55. f6 Rf5 56. f7 Kf4 57. h5 Rxf7 1/2-1/2

[Event "Cto Aragón Equipos Pref Gr I"]
[Site "Aragon"]
[Date "2015.02.07"]
[Round "3.35"]
[White "Sanchez Perez, Carlos"]
[Black "Martinez Carnicer, Eduardo"]
[Result "0-1"]
[WhiteElo "1499"]
[BlackElo "1855"]
[PlyCount "100"]
[EventDate "2015.01.24"]
[WhiteTeam "Caissa B"]
[BlackTeam "Sabiñanigo"]

1. d4 Nf6 2. c4 c5 3. d5 b5 4. b3 g6 5. Bb2 d6 6. Nd2 Bg7 7. Ngf3 O-O 8. Qc2
bxc4 9. bxc4 a5 10. e3 Nbd7 11. Bd3 Nb6 12. O-O Bd7 13. a4 Qe8 14. Ra2 Nxa4 15.
Ba1 Nb6 16. Rb1 Qd8 17. e4 Ra6 18. e5 Nh5 19. g3 Bg4 20. Re1 Qc7 21. Re4 Bf5
22. Re2 Bxd3 23. Qxd3 Nd7 24. e6 fxe6 25. Bxg7 Nxg7 26. dxe6 Ne5 27. Nxe5 dxe5
28. Re4 Rxe6 29. Nb3 Rd6 30. Qe3 Rd1+ 31. Kg2 Nf5 32. Qxc5 Qb7 33. Qxe5 Qxb3
34. Rb2 Qd3 35. Rb8 Qf1+ 36. Kf3 Nd6+ 37. Kg4 Qxf2 38. Qe6+ Qf7 39. Rxf8+ Kxf8
40. Rf4 Nf5 41. Qc8+ Kg7 42. h4 Rd3 43. Kh3 Rxg3+ 44. Kh2 Re3 45. Qc5 Qe6 46.
Kg2 Re2+ 47. Rf2 Qe4+ 48. Kg1 Qg4+ 49. Kh1 Qh3+ 50. Kg1 Re1+ 0-1

[Event "Cto Aragón Equipos Pref Gr I"]
[Site "Aragon"]
[Date "2015.02.07"]
[Round "3.37"]
[White "Maza Broto, Pablo"]
[Black "Cifuentes Parada, Roberto"]
[Result "1/2-1/2"]
[WhiteElo "2076"]
[BlackElo "2461"]
[PlyCount "107"]
[EventDate "2015.01.24"]
[WhiteTeam "Jaime Casas B"]
[BlackTeam "Jaque"]

1. c4 g6 2. Nc3 c5 3. g3 Bg7 4. Bg2 Nc6 5. e3 Nh6 6. Nge2 Nf5 7. d3 h5 8. h4
Rb8 9. e4 Nfd4 10. O-O a6 11. Nxd4 Nxd4 12. Be3 b5 13. cxb5 axb5 14. Qd2 O-O
15. Ne2 Nxe2+ 16. Qxe2 d6 17. Rad1 Bg4 18. f3 Be6 19. b3 Qa5 20. d4 cxd4 21.
Bxd4 b4 22. Bxg7 Kxg7 23. f4 Bg4 24. Bf3 Bxf3 25. Rxf3 Ra8 26. Rf2 Rfc8 27. Kh2
Rc3 28. e5 Qc5 29. exd6 exd6 30. Qd2 Re8 31. Qd4+ Kg8 32. Rg2 Re6 33. Rf2 Qf5
34. Rg2 Qg4 35. Rd3 Rc1 36. Re3 Qd1 37. Qxd1 Rxd1 38. Rge2 Rxe3 39. Rxe3 Rd2+
40. Kh3 f5 41. Re7 Rxa2 42. Rb7 Rb2 43. Rxb4 Kf7 44. Rb7+ Ke6 45. Rb5 Rc2 46.
b4 Kd7 47. Rb7+ Rc7 48. Rb8 Rc2 49. Rg8 d5 50. Rg7+ Kc6 51. Rxg6+ Kb5 52. Rg5
d4 53. Rxf5+ Kc4 54. Rxh5 1/2-1/2

[Event "Cto Aragón Equipos Pref Gr I"]
[Site "Aragon"]
[Date "2015.02.07"]
[Round "3.38"]
[White "Perez Puyal, Jose Joaquin"]
[Black "Rodriguez Leiva, Manuel"]
[Result "1/2-1/2"]
[WhiteElo "1922"]
[BlackElo "1956"]
[PlyCount "207"]
[EventDate "2015.01.24"]
[WhiteTeam "Jaque"]
[BlackTeam "Jaime Casas B"]

1. d4 e6 2. Nf3 d5 3. Bf4 Nf6 4. c3 c5 5. e3 Nc6 6. h3 Be7 7. Bd3 O-O 8. O-O
Bd7 9. Nbd2 g6 10. Ne5 cxd4 11. cxd4 Nb4 12. Be2 Rc8 13. a3 Nc6 14. Qb3 Na5 15.
Qd1 b5 16. b3 Ne8 17. a4 bxa4 18. Nxd7 Qxd7 19. Rxa4 Bd8 20. Ba6 Rc3 21. b4 Nb3
22. Ra3 Nxd2 23. Rxc3 Nxf1 24. Qxf1 Bb6 25. Qb5 Qe7 26. Be5 Nd6 27. Qa4 Ne4 28.
Rc6 Rd8 29. f3 Nd6 30. Qc2 Nf5 31. Qc3 f6 32. Bc7 Bxc7 33. Rxc7 Qd6 34. Rxa7
Qg3 35. Qd2 Nh4 36. Qf2 Qg5 37. Re7 e5 38. f4 exf4 39. exf4 Qh6 40. g4 g5 41.
f5 Qf8 42. Qe3 Nf3+ 43. Kf2 Nxd4 44. Bb7 Nc2 45. Qe6+ Kh8 46. Rf7 Qd6 47. Qxd6
Rxd6 48. b5 d4 49. Ke2 d3+ 50. Kd2 Na3 51. Rc7 Nxb5 52. Rc6 Rd7 53. Ba6 Nd4 54.
Rc8+ Kg7 55. Bxd3 Nf3+ 56. Ke3 Ne5 57. Be4 Ra7 58. Rc3 Ra2 59. Kd4 Rd2+ 60. Ke3
Ra2 61. Kd4 h5 62. gxh5 Kh6 63. Rc8 Ra4+ 64. Kd5 Ra6 65. Rh8+ Kg7 66. Rb8 Nf7
67. Rb7 Ra5+ 68. Kd4 Ra4+ 69. Kd5 Kf8 70. Rb8+ Kg7 71. Rb7 Ra5+ 72. Kd4 Kf8 73.
Bd5 Nd6 74. Rb8+ Ke7 75. Be6 Ra4+ 76. Kc5 Rh4 77. Rh8 Nb7+ 78. Kb6 Nd6 79. Kc6
Ne4 80. Rh7+ Ke8 81. Bf7+ Kf8 82. Bg6 Rxh3 83. Kd5 Rh4 84. h6 Nc3+ 85. Ke6 Re4+
86. Kxf6 Nd5+ 87. Kxg5 Re1 88. Ra7 Rg1+ 89. Kh4 Rh1+ 90. Kg5 Rg1+ 91. Kh4 Rh1+
92. Kg3 Rxh6 93. Rf7+ Kg8 94. Rd7 Nf6 95. Rd8+ Kg7 96. Kf4 Rh4+ 97. Kf3 Rh3+
98. Ke2 Ra3 99. Rb8 Kh6 100. Rb6 Kg5 101. Rb5 Ra2+ 102. Kd3 Ra3+ 103. Kd4 Ra4+
104. Ke5 1/2-1/2